China's great wall of debt (Record no. 309783)
[ view plain ]
| 000 -LEADER | |
|---|---|
| fixed length control field | 03551pim a2200529 i 4500 |
| 001 - CONTROL NUMBER | |
| control field | rbcdND0373 |
| 003 - CONTROL NUMBER IDENTIFIER | |
| control field | MdPfRBL |
| 005 - DATE AND TIME OF LATEST TRANSACTION | |
| control field | 20200320211909.0 |
| 007 - PHYSICAL DESCRIPTION FIXED FIELD--GENERAL INFORMATION | |
| fixed length control field | sd fungnnmmned |
| 008 - FIXED-LENGTH DATA ELEMENTS--GENERAL INFORMATION | |
| fixed length control field | 121004s2018 mdunnnn z n eng d |
| 020 ## - INTERNATIONAL STANDARD BOOK NUMBER | |
| International Standard Book Number | 9781501989919 |
| 028 01 - PUBLISHER NUMBER | |
| Publisher number | ND0373 |
| Source | Recorded Books |
| 040 ## - CATALOGING SOURCE | |
| Original cataloging agency | MdPfRBL |
| Language of cataloging | eng |
| Description conventions | rda |
| Transcribing agency | MdPfRBL |
| 043 ## - GEOGRAPHIC AREA CODE | |
| Geographic area code | a-cc--- |
| 050 #4 - LIBRARY OF CONGRESS CALL NUMBER | |
| Classification number | HJ8811 |
| Item number | .M36 2018 |
| 082 04 - DEWEY DECIMAL CLASSIFICATION NUMBER | |
| Classification number | 336.3/40951 |
| Edition number | 23 |
| 100 1# - MAIN ENTRY--PERSONAL NAME | |
| Personal name | McMahon, Dinny, |
| Relator term | author. |
| 9 (RLIN) | 5971759 |
| 245 10 - TITLE STATEMENT | |
| Title | China's great wall of debt |
| Medium | [sound recording] : |
| Remainder of title | shadow banks, ghost cities, massive loans, and the end of the Chinese miracle / |
| Statement of responsibility, etc | Dinny McMahon. |
| 250 ## - EDITION STATEMENT | |
| Edition statement | Unabridged. |
| 264 #1 - Production, Publication, Distribution, Manufacture, and Copyright Notice. | |
| Place of production, publication, distribution, manufacture | Prince Frederick, Md. : |
| Name of producer, publisher, distributor, manufacturer | Recorded Books, |
| Date of production, publication, distribution, manufacture, or copyr | [2018] |
| 264 #4 - Production, Publication, Distribution, Manufacture, and Copyright Notice. | |
| Date of production, publication, distribution, manufacture, or copyr | 2018 |
| 300 ## - PHYSICAL DESCRIPTION | |
| Extent | 7 sound discs (8 hr., 15 min.) : |
| Other physical details | digital ; |
| Dimensions | 4 3/4 in. |
| 336 ## - Content Type | |
| Content type term | spoken word |
| 337 ## - Media type | |
| Media type term | audio |
| 338 ## - Carrier type | |
| Carrier type term | audio disc |
| 344 ## - | |
| -- | digital |
| -- | optical |
| -- | 1.4 m. per second |
| -- | Digital recording |
| -- | rda |
| 347 ## - | |
| -- | audio file |
| -- | CD audio |
| -- | rda |
| 490 1# - SERIES STATEMENT | |
| Series statement | ITK audio |
| 500 ## - GENERAL NOTE | |
| General note | In container (17 cm.). |
| 500 ## - GENERAL NOTE | |
| General note | Title from container. |
| 500 ## - GENERAL NOTE | |
| General note | Compact disc. |
| 511 0# - PARTICIPANT OR PERFORMER NOTE | |
| Participant or performer note | Narrated by Jamie Jackson. |
| 520 ## - SUMMARY, ETC. | |
| Summary, etc | A stunning inside look at how and why the foundations upon which China has built the world's second largest economy have started to crumble. Over the course of a decade reporting on the ground in China as a financial journalist, Dinny McMahon gradually concluded that the widely held belief in China's inevitable economic ascent is dangerously wrong. In this unprecedented deep dive, McMahon shows how, lurking behind the illusion of prosperity, China's economic growth has been built on a staggering mountain of debt. While stories of newly built but empty cities, white-elephant state projects, and a byzantine shadow-banking system have become a fixture in the press, McMahon goes beyond the headlines to explain how such waste has been allowed to flourish, and why one of the most powerful governments in the world has been at a loss to stop it. Through the stories of ordinary Chinese citizens, McMahon tries to make sense of the unique--and often bizarre--mechanics of the Chinese economy, including the state's addiction to appropriating land from poor farmers, why a Chinese entrepreneur decided it was cheaper to move his yarn factory to South Carolina, why ambitious Chinese mayors build ghost cities, and how the Chinese bureaucracy stared down Beijing's attempts to break up the state's pointless monopoly on the distribution of table salt. Debt, entrenched vested interests, a frenzy of speculation, and an aging population are all pushing China toward an economic reckoning. [This book] unravels an incredibly complex and opaque economy, one whose fortunes--for better or worse--will shape the globe like never before. |
| 650 #0 - SUBJECT ADDED ENTRY--TOPICAL TERM | |
| Topical term or geographic name as entry element | Debts, External |
| Geographic subdivision | China. |
| 9 (RLIN) | 5971760 |
| 650 #7 - SUBJECT ADDED ENTRY--TOPICAL TERM | |
| Topical term or geographic name as entry element | BUSINESS & ECONOMICS / International / General. |
| Source of heading or term | bisacsh |
| 9 (RLIN) | 5971761 |
| 650 #0 - SUBJECT ADDED ENTRY--TOPICAL TERM | |
| Topical term or geographic name as entry element | Business. |
| 9 (RLIN) | 5971762 |
| 651 #0 - SUBJECT ADDED ENTRY--GEOGRAPHIC NAME | |
| Geographic name | China |
| General subdivision | Economic conditions. |
| 9 (RLIN) | 81264 |
| 651 #0 - SUBJECT ADDED ENTRY--GEOGRAPHIC NAME | |
| Geographic name | China |
| General subdivision | Economic policy. |
| 9 (RLIN) | 5971763 |
| 655 #7 - INDEX TERM--GENRE/FORM | |
| Genre/form data or focus term | Audiobooks. |
| Source of term | lcgft |
| 9 (RLIN) | 5971764 |
| 700 1# - ADDED ENTRY--PERSONAL NAME | |
| Personal name | Jackson, Jamie, |
| Relator term | narrator. |
| 9 (RLIN) | 5971765 |
| 710 2# - ADDED ENTRY--CORPORATE NAME | |
| Corporate name or jurisdiction name as entry element | Recorded Books, Inc. |
| 9 (RLIN) | 60865 |
| 830 #0 - SERIES ADDED ENTRY--UNIFORM TITLE | |
| Uniform title | ITK audio. |
| 9 (RLIN) | 5949513 |
| 942 ## - ADDED ENTRY ELEMENTS (KOHA) | |
| Koha item type | CD |
| 945 ## - LOCAL PROCESSING INFORMATION (OCLC) | |
| c | (OCoLC)1029458521 |
| 948 ## - LOCAL PROCESSING INFORMATION (OCLC); SERIES PART DESIGNATOR (RLIN) | |
| Series part designator, SPT (RLIN) | 05/30/2018 |
| z (OCLC) | Sirsi |
| 996 ## - | |
| -- | 149872 |
| -- | 34301001552126 |
| -- | CD |
| -- | CD |
| -- | wcl |
| -- | i |
| -- | 3 |
| -- | 92.75 |
| -- | .CIRCNOTE. 7 discs |
| -- | recordedbook |
| -- | 336.3 McM |
| -- | 05/30/2018 |
| -- | 10/28/2019 |
| -- | 10/05/2019 |
| Withdrawn status | Lost status | Source of classification or shelving scheme | Materials specified (bound volume or other part) | Damaged status | Not for loan | Collection code | Home library | Current library | Shelving location | Date acquired | Source of acquisition | Cost, normal purchase price | Total Checkouts | Total Renewals | Full call number | Barcode | Date last seen | Date checked out | Cost, replacement price | Price effective from | Koha item type |
|---|---|---|---|---|---|---|---|---|---|---|---|---|---|---|---|---|---|---|---|---|---|
| Dewey Decimal Classification | .CIRCNOTE. 7 discs | Audiobooks | Wasatch County Library | Wasatch County Library | Second Floor | 05/30/2018 | 92.75 | 4 | 1 | CD 336.3 McM | 34301001552126 | 07/18/2024 | 12/22/2021 | 92.75 | 03/20/2020 | Audiobook on CD |
